Learning Resource and Development

Social theory and nursing (Record no. 6929)

MARC details
000 -LEADER
fixed length control field 00786nam a22002777a 4500
005 - DATE AND TIME OF LATEST TRANSACTION
control field 20230512222846.0
008 - FIXED-LENGTH DATA ELEMENTS--GENERAL INFORMATION
fixed length control field 190319t xxu||||| |||| 00| 0 eng d
020 ## - INTERNATIONAL STANDARD BOOK NUMBER
International Standard Book Number 9781138186071
040 ## - CATALOGING SOURCE
Transcribing agency CSPC
082 0# - DEWEY DECIMAL CLASSIFICATION NUMBER
Classification number 610.7301
Item number So131
245 00 - TITLE STATEMENT
Title Social theory and nursing
260 ## - PUBLICATION, DISTRIBUTION, ETC.
Place of publication, distribution, etc. Oxon:
-- New York:
Name of publisher, distributor, etc. Routledge,
Date of publication, distribution, etc. 2017.
300 ## - PHYSICAL DESCRIPTION
Extent xii, 196 pages:
Dimensions 24 cm.
336 ## - CONTENT TYPE
Source rdacontent
Content type term text
337 ## - MEDIA TYPE
Source rdamedia
Media type term unmediated
338 ## - CARRIER TYPE
Source rdacarrier
Carrier type term volume
500 ## - GENERAL NOTE
General note Includes Index,
504 ## - BIBLIOGRAPHY, ETC. NOTE
Bibliography, etc. note Includes Bibliography.
650 10 - SUBJECT ADDED ENTRY--TOPICAL TERM
Topical term or geographic name entry element Nursing theory.
650 10 - SUBJECT ADDED ENTRY--TOPICAL TERM
Topical term or geographic name entry element Social theory.
700 1# - ADDED ENTRY--PERSONAL NAME
Personal name Martin Lipscomb
Relator term editor
940 ## - EQUIVALENCE OR CROSS-REFERENCE--UNIFORM TITLE [OBSOLETE] [CAN/MARC only]
Uniform title <a href="Lenie">Lenie</a>
942 ## - ADDED ENTRY ELEMENTS (KOHA)
Koha item type
-- NUR 610.7301 So131 2017
Holdings
Withdrawn status Lost status Source of classification or shelving scheme Damaged status Not for loan Home library Current library Shelving location Date acquired Total Checkouts Full call number Barcode Date last seen Copy number Price effective from Koha item type
          Main Library Main Library Nursing Section 05/12/2023   NUR 610.7301 So131 2017 019895 05/12/2023 1-1 05/12/2023 Books